000 00253nam a2200097Ia 4500
001 1207018
005 20251016144814.0
008 250824s9999 xx 000 0 und d
245 0 _aÖLÜMÜN KIYISINDA
_cGENÇOSMAN DENİZCİ
260 _bHAYAT YAYINLARI
999 _c1207018
_d1207018